K interpretácii hrobových príloh z pohrebísk obdobia avarského kaganátu na Slovensku

Bibliographic Details
Main Author: Zábojník, Jozef, 1952- (Author)
Format: Article
Language:Slovak
PhysicalDescription:Obr.
ISBN:8088709806
Subjects:

MARC

LEADER 00000nab a2200000 a 4500
001 vtls008845659
003 SK-MaSNL
005 20260304235323.0
008 250505c2005 xo | ab 000 b|slo
015 |a SNBRA2006/09  |2 snkbucl 
035 |a (uuid)bcb13113-e49c-4ab5-be2c-72178440cc75 
035 |a urn:nbn:sk:snk-abxrf 
035 |a (urnnbn)urn:nbn:sk:snk:ar-a0587f 
038 |a SNKBUCL 
040 |a SNKBUCL  |b slo  |c SNKBUCL  |e AACR2 
041 0 |a slo  |b ger 
044 |a xo  |c SK 
080 |a 904:718  |x (437.6)  |2 1997 
080 |a 718:316.34  |x (437.6)  |2 1997 
080 |a 316.34  |2 1997 
080 |a 902.2  |x (437.6)  |2 1997 
100 1 |a Zábojník, Jozef,  |d 1952-  |4 aut  |9 5551 
245 1 0 |a K interpretácii hrobových príloh z pohrebísk obdobia avarského kaganátu na Slovensku  |c Jozef Zábojník 
300 |b Obr. 
504 |a Bibliogr. odkazy a pozn. 
546 |a Res. nem. 
648 7 |a obdobie avarského kaganátu  |2 snkbucl  |9 1061044 
650 0 7 |a pohrebiská  |z Slovensko  |y obdobie avarského kaganátu  |2 snkbucl  |9 1572683 
650 0 7 |a pohrebné obrady  |2 snkbucl  |9 68031 
650 0 7 |a hrobový inventár  |2 snkbucl  |9 90111 
650 0 7 |a sociálna štruktúra  |2 snkbucl  |9 4855 
773 0 |t Študijné zvesti Archeologického ústavu Slovenskej akadémie vied. 37  |d Nitra : Archeologický ústav Slovenskej akadémie vied, 2005  |g S. 29-51  |z 8088709806 
850 |a Slovenská národná knižnica 
852 |a Slovenská národná knižnica 
954 |a odborná, vedecká literatúra pôvodná (slovenská)  |2 lita 
958 |a article27 
958 |a SK 
958 |a NB 
958 |a OND 
958 |a EUIPO 
999 |c 3208439  |d 3210369